00785cam a2200217 a 450000100060000000300080000600500170001400800410003103500190007203500110009104000270010204100130012908200240014210000320016624501580019826000320035630000560038850000470044450400510049165000250054275161BD-RjUL20211209082644.0851211s1953 enkaf b 001 0 eng d a(BD-RjUL)75379 a891275 aNUNbengcNUNdABN-SNR1 aengager04a551.8223bPEM 19531 aPenck, Walther,d1888-1923.10aMorphological analysis of land forms :ba contribution to physical geology /cby Walther Penck ; translated by Hella Czech and Katherine Cumming Boswell. aLondon :bMacmillan,c1953. axiv, 429 p., [9] leaves of plates :bill. ;c22 cm. aTranslation of Die morphologische Analyse. aIncludes bibliographical references and index. 0aGeology, Structural.